[Event "Heusenstamm Schloss op"]
[Site "Heusenstamm"]
[Date "2023.11.26"]
[Round "6"]
[White "Poetsch, Hagen"]
[Black "Krause, Benedict"]
[Result "1/2-1/2"]
[WhiteElo "2467"]
[BlackElo "2394"]
[PlyCount "83"]
[EventDate "2023.11.23"]
[EventType "swiss"]
[EventRounds "7"]
[EventCountry "GER"]
[SourceTitle "CB48_2023"]
[SourceDate "2023.11.29"]
[SourceVersion "1"]
[SourceVersionDate "2023.11.29"]
[SourceQuality "1"]

1. e4 c5 2. Nf3 e6 3. d4 cxd4 4. Nxd4 Nf6 5. Nc3 Nc6 6. Be2 Bb4 7. 0-0 Bxc3 8. bxc3 Nxe4 9. Nxc6 dxc6 10. Bd3 Nc5 11. Qg4 Qf6 12. Bg5 e5 13. Bxf6 Bxg4 14. Bxg7 Rg8 15. Bxe5 Nxd3 16. cxd3 0-0-0 17. d4 Bf3 18. Bg3 Bd5 19. Rfe1 Rde8 20. f3 Kd7 21. a4 Rxe1+ 22. Rxe1 Re8 23. Rb1 Kc8 24. Kf2 Bc4 25. Be5 Re6 26. f4 f6 27. f5 Re8 28. Bxf6 Rf8 29. Be5 Rxf5+ 30. Ke3 Rf1 31. Rxf1 Bxf1 32. g4 Kd7 33. h4 Ke6 34. h5 Bc4 35. a5 b6 36. a6 Bxa6 37. g5 Kf7 38. Bb8 Bc4 39. Bxa7 b5 40. Bb8 Kg8 41. Kf4 Be2 42. h6 1/2-1/2

[Event "Heusenstamm Schloss op"]
[Site "Heusenstamm"]
[Date "2023.11.23"]
[Round "1"]
[White "Buese, Ralf"]
[Black "Poetsch, Hagen"]
[Result "0-1"]
[WhiteElo "1898"]
[BlackElo "2467"]
[PlyCount "56"]
[EventDate "2023.11.23"]
[EventType "swiss"]
[EventRounds "7"]
[EventCountry "GER"]
[SourceTitle "CB48_2023"]
[SourceDate "2023.11.29"]
[SourceVersion "1"]
[SourceVersionDate "2023.11.29"]
[SourceQuality "1"]

1. d4 Nf6 2. Nf3 c5 3. g3 cxd4 4. Bg2 e5 5. 0-0 Nc6 6. c3 dxc3 7. Nxc3 d5 8. Bg5 d4 9. Ne4 Be7 10. Bxf6 Bxf6 11. Qa4 0-0 12. Rad1 Be7 13. e3 Bd7 14. exd4 Nxd4 15. Qc4 Bb5 16. Qxb5 Nxb5 17. Rxd8 Raxd8 18. Nxe5 f5 19. Nc3 Nxc3 20. bxc3 Bf6 21. Nc4 b6 22. Ne3 Bxc3 23. Nd5 Bf6 24. h4 Rd6 25. Rd1 Kf7 26. Rd3 Rc8 27. Ra3 a5 28. Rb3 Bd4 0-1

[Event "Marburg op-A"]
[Site "Marburg"]
[Date "2023.10.27"]
[Round "3"]
[White "Poetsch, Hagen"]
[Black "Garcia Castany Musellas, Gal La"]
[Result "1-0"]
[WhiteElo "2470"]
[BlackElo "2117"]
[PlyCount "79"]
[EventDate "2023.10.26"]
[EventType "swiss"]
[EventRounds "7"]
[EventCountry "GER"]
[SourceTitle "CB49_2023"]
[SourceDate "2023.12.06"]
[SourceVersion "1"]
[SourceVersionDate "2023.12.06"]
[SourceQuality "1"]

1. e4 e5 2. Nf3 Nc6 3. Bb5 a6 4. Ba4 Nf6 5. Nc3 d6 6. Bxc6+ bxc6 7. d4 exd4 8. Nxd4 Bd7 9. Qf3 c5 10. Nf5 Rb8 11. 0-0 Bxf5 12. Qxf5 Be7 13. e5 dxe5 14. Qxe5 0-0 15. Rd1 Bd6 16. Qf5 Qc8 17. Qxc8 Rfxc8 18. b3 Re8 19. Bb2 Re7 20. Re1 Rbe8 21. Rxe7 Rxe7 22. Kf1 Kf8 23. Rd1 Re8 24. Nd5 Nxd5 25. Rxd5 c4 26. bxc4 Rb8 27. Bd4 Rb4 28. c5 Be7 29. c3 Rb1+ 30. Ke2 Rb2+ 31. Kd3 Ke8 32. c6 Rxa2 33. Rd7 Bd8 34. g4 a5 35. Rd5 Be7 36. Bxg7 Rxf2 37. Be5 a4 38. Ra5 Bd6 39. Bxd6 cxd6 40. Ra8+ 1-0

[Event "GER-ch 94th"]
[Site "Ostfildern"]
[Date "2023.08.16"]
[Round "4"]
[White "Poetsch, Hagen"]
[Black "Ehmann, Thilo"]
[Result "1/2-1/2"]
[WhiteElo "2484"]
[BlackElo "2402"]
[PlyCount "86"]
[EventDate "2023.08.14"]
[EventType "swiss"]
[EventRounds "9"]
[EventCountry "GER"]
[SourceTitle "CBM 215 Extra"]
[Source "ChessBase"]
[SourceDate "2023.09.30"]
[SourceVersion "1"]
[SourceVersionDate "2023.09.30"]
[SourceQuality "1"]

1. e4 c5 2. Nf3 d6 3. Bb5+ Nd7 4. a4 Ngf6 5. Nc3 g6 6. a5 Bg7 7. a6 0-0 8. 0-0 Nb8 9. axb7 Bxb7 10. d3 Nfd7 11. d4 a6 12. Bc4 Nb6 13. Bb3 e6 14. Be3 c4 15. Ba2 N8d7 16. Qd2 Nf6 17. Bg5 h6 18. Bxh6 Nxe4 19. Nxe4 Bxe4 20. Bxg7 Kxg7 21. Qe2 Bxf3 22. Qxf3 d5 23. Bb1 Nd7 24. b4 Qb6 25. c3 a5 26. bxa5 Rxa5 27. Rxa5 Qxa5 28. h4 Rh8 29. g3 Nf6 30. Kg2 Rb8 31. h5 gxh5 32. Qf4 Qd8 33. Bc2 Rb2 34. Qc1 Ra2 35. Bb1 Ra1 36. Qg5+ Kf8 37. f4 Ke7 38. f5 Qb6 39. fxe6 Qxe6 40. Rf5 Rxb1 41. Re5 Re1 42. Rxe6+ Rxe6 43. Kf3 Re4 1/2-1/2

[Event "GER-ch 94th"]
[Site "Ostfildern"]
[Date "2023.08.15"]
[Round "2"]
[White "Poetsch, Hagen"]
[Black "Nemitz, Alfred"]
[Result "1/2-1/2"]
[WhiteElo "2484"]
[BlackElo "2228"]
[PlyCount "88"]
[EventDate "2023.08.14"]
[EventType "swiss"]
[EventRounds "9"]
[EventCountry "GER"]
[SourceTitle "CBM 215 Extra"]
[Source "ChessBase"]
[SourceDate "2023.09.30"]
[SourceVersion "1"]
[SourceVersionDate "2023.09.30"]
[SourceQuality "1"]

1. d4 Nf6 2. Nf3 e6 3. g3 d5 4. Bg2 Nbd7 5. 0-0 c6 6. Nbd2 Bd6 7. Re1 0-0 8. e4 dxe4 9. Nxe4 Be7 10. Nxf6+ Nxf6 11. Ne5 Bd7 12. c4 Qc8 13. Bf4 Rd8 14. Qb3 Be8 15. Rad1 a5 16. a3 Nd7 17. Nd3 a4 18. Qc2 Bf6 19. Ne5 Nxe5 20. Bxe5 Bxe5 21. dxe5 Rxd1 22. Rxd1 c5 23. Rd6 Qc7 24. Qd2 Rb8 25. h4 b5 26. cxb5 Bxb5 27. h5 h6 28. Be4 Kf8 29. Qe3 Ke7 30. f4 Rd8 31. Rxd8 Kxd8 32. Qd2+ Ke7 33. Kf2 Bc6 34. Bc2 Qd7 35. Qxd7+ Kxd7 36. Ke3 Ke7 37. Kd3 Bb5+ 38. Kc3 f6 39. b3 axb3 40. Kxb3 fxe5 41. fxe5 Kd7 42. a4 Be2 43. Be4 Bd1+ 44. Kc4 Bxa4 1/2-1/2

[Event "Walsrode Chessemy op-A"]
[Site "Walsrode"]
[Date "2023.03.09"]
[Round "6"]
[White "Skytte, Rasmus"]
[Black "Poetsch, Hagen"]
[Result "1/2-1/2"]
[WhiteElo "2341"]
[BlackElo "2496"]
[PlyCount "21"]
[EventDate "2023.03.04"]
[EventType "swiss"]
[EventRounds "9"]
[EventCountry "GER"]
[SourceTitle "CBM 213 Extra"]
[Source "ChessBase"]
[SourceDate "2023.05.31"]
[SourceVersion "1"]
[SourceVersionDate "2023.05.31"]
[SourceQuality "1"]

1. e4 e6 2. d4 d5 3. Nd2 Be7 4. Bd3 c5 5. dxc5 Nf6 6. Qe2 0-0 7. Ngf3 a5 8. c3 Na6 9. e5 Nd7 10. h4 f5 11. Bxa6 1/2-1/2

[Event "Walsrode Chessemy op-A"]
[Site "Walsrode"]
[Date "2023.03.08"]
[Round "5"]
[White "Poetsch, Hagen"]
[Black "Ghosh, Diptayan"]
[Result "1/2-1/2"]
[WhiteElo "2496"]
[BlackElo "2565"]
[PlyCount "26"]
[EventDate "2023.03.04"]
[EventType "swiss"]
[EventRounds "9"]
[EventCountry "GER"]
[SourceTitle "CBM 213 Extra"]
[Source "ChessBase"]
[SourceDate "2023.05.31"]
[SourceVersion "1"]
[SourceVersionDate "2023.05.31"]
[SourceQuality "1"]

1. e4 c6 2. Nc3 d5 3. Nf3 dxe4 4. Nxe4 Nf6 5. Qe2 Nxe4 6. Qxe4 Nd7 7. d4 Nf6 8. Qf4 Nd5 9. Qd2 Bg4 10. Ne5 Bf5 11. Bd3 Bxd3 12. Qxd3 e6 13. 0-0 Bd6 1/2-1/2

[Event "Walsrode Chessemy op-A"]
[Site "Walsrode"]
[Date "2023.03.05"]
[Round "2"]
[White "Poetsch, Hagen"]
[Black "Heldenbergh, Nils"]
[Result "1-0"]
[WhiteElo "2496"]
[BlackElo "2141"]
[PlyCount "69"]
[EventDate "2023.03.04"]
[EventType "swiss"]
[EventRounds "9"]
[EventCountry "GER"]
[SourceTitle "CBM 213 Extra"]
[Source "ChessBase"]
[SourceDate "2023.05.31"]
[SourceVersion "1"]
[SourceVersionDate "2023.05.31"]
[SourceQuality "1"]

1. c4 e6 2. Nc3 d5 3. d4 a6 4. cxd5 exd5 5. Nf3 h6 6. g3 Nf6 7. Bg2 Bd6 8. 0-0 0-0 9. Ne5 c6 10. Bf4 Qe7 11. Na4 Nbd7 12. Nd3 Ne4 13. f3 Bxf4 14. Nxf4 Nd6 15. e4 dxe4 16. fxe4 b5 17. Nc3 Nc4 18. Qe2 Qb4 19. Rf2 Bb7 20. e5 Rae8 21. Ne4 c5 22. Nd3 Qa5 23. Bh3 Bxe4 24. Qxe4 Qc7 25. Bxd7 Qxd7 26. Nxc5 Qa7 27. Rc1 Rd8 28. b3 Nb6 29. Nb7 Qa8 30. e6 f5 31. Qe5 Rd5 32. Qc7 Rc8 33. Qf7+ Kh8 34. Rxc8+ Qxc8 35. e7 1-0

[Event "Groningen op 58th"]
[Site "Groningen"]
[Date "2022.12.29"]
[Round "8"]
[White "Maatman, Nick"]
[Black "Poetsch, Hagen"]
[Result "1/2-1/2"]
[WhiteElo "2348"]
[BlackElo "2478"]
[PlyCount "83"]
[EventDate "2022.12.21"]
[EventType "swiss"]
[EventRounds "9"]
[EventCountry "NED"]
[SourceTitle "CBM 211 Extra"]
[Source "ChessBase"]
[SourceDate "2023.01.31"]
[SourceVersion "1"]
[SourceVersionDate "2023.01.31"]
[SourceQuality "1"]

1. e4 c5 2. Nf3 d6 3. d4 cxd4 4. Nxd4 Nf6 5. Nc3 Nc6 6. Bg5 e6 7. Qd2 a6 8. 0-0-0 Bd7 9. f3 Be7 10. h4 h6 11. Be3 h5 12. Nxc6 Bxc6 13. Qf2 Nd7 14. Qg3 Qa5 15. Qxg7 Bf6 16. Qg3 Bxc3 17. bxc3 Qxa2 18. Qxd6 0-0-0 19. Qb4 Rhg8 20. Rg1 Ne5 21. Rxd8+ Rxd8 22. Bd4 Qa1+ 23. Qb1 Qa4 24. Qb6 Qa1+ 25. Kd2 Qa4 26. Be2 Nc4+ 27. Bxc4 Qxc4 28. Kc1 Qa2 29. Qb2 Qxb2+ 30. Kxb2 Rg8 31. Bb6 f5 32. exf5 exf5 33. Rd1 Bd7 34. Rd2 Rg6 35. Be3 Re6 36. Bf4 Rb6+ 37. Ka3 Rc6 38. Be5 Rc5 39. Bd4 Ra5+ 40. Kb4 Rb5+ 41. Ka3 Be6 42. Bf6 1/2-1/2

[Event "Groningen op 58th"]
[Site "Groningen"]
[Date "2022.12.26"]
[Round "5"]
[White "Macak, Stefan"]
[Black "Poetsch, Hagen"]
[Result "0-1"]
[WhiteElo "2361"]
[BlackElo "2478"]
[PlyCount "64"]
[EventDate "2022.12.21"]
[EventType "swiss"]
[EventRounds "9"]
[EventCountry "NED"]
[SourceTitle "CBM 211 Extra"]
[Source "ChessBase"]
[SourceDate "2023.01.31"]
[SourceVersion "1"]
[SourceVersionDate "2023.01.31"]
[SourceQuality "1"]

1. e4 c5 2. Nf3 d6 3. d4 cxd4 4. Nxd4 Nf6 5. Nc3 a6 6. Be3 e5 7. Nb3 Be7 8. f3 Be6 9. Qd2 0-0 10. 0-0-0 Nbd7 11. g4 b5 12. g5 Nh5 13. Nd5 Bxd5 14. exd5 f6 15. gxf6 Bxf6 16. Bd3 Nf4 17. Be4 a5 18. Kb1 a4 19. Nc1 Nb6 20. Bf2 Nc4 21. Qe1 Bg5 22. Nd3 Nh3 23. Bg3 Qc8 24. a3 Be3 25. Nb4 Qc5 26. Rf1 Ng5 27. Qe2 Nxe4 28. fxe4 Nd2+ 29. Rxd2 Rxf1+ 30. Qxf1 Bxd2 31. Nc6 Bg5 32. Qf5 Rf8 0-1

[Event "GER-ch Rapid 48th"]
[Site "Goettingen"]
[Date "2022.09.25"]
[Round "8"]
[White "Poetsch, Hagen"]
[Black "Fridman, Daniel"]
[Result "1/2-1/2"]
[WhiteElo "2491"]
[BlackElo "2607"]
[PlyCount "39"]
[EventDate "2022.09.24"]
[EventType "swiss (rapid)"]
[EventRounds "9"]
[EventCountry "GER"]
[SourceTitle "CBM 210 Extra"]
[Source "ChessBase"]
[SourceDate "2022.11.30"]
[SourceVersion "1"]
[SourceVersionDate "2022.11.30"]
[SourceQuality "1"]

1. e4 e6 2. d4 d5 3. Nc3 Nf6 4. e5 Nfd7 5. f4 c5 6. Nf3 Nc6 7. Be3 Qb6 8. Na4 Qa5+ 9. c3 c4 10. b4 Qc7 11. Be2 Be7 12. 0-0 0-0 13. Qd2 f5 14. exf6 Nxf6 15. Qc2 b6 16. Ne5 Bb7 17. Nb2 b5 18. a4 a6 19. Bf3 Bd6 20. Rae1 1/2-1/2

[Event "GER-ch Rapid 48th"]
[Site "Goettingen"]
[Date "2022.09.24"]
[Round "4"]
[White "Bluebaum, Matthias"]
[Black "Poetsch, Hagen"]
[Result "1-0"]
[WhiteElo "2647"]
[BlackElo "2491"]
[PlyCount "53"]
[EventDate "2022.09.24"]
[EventType "swiss (rapid)"]
[EventRounds "9"]
[EventCountry "GER"]
[SourceTitle "CBM 210 Extra"]
[Source "ChessBase"]
[SourceDate "2022.11.30"]
[SourceVersion "1"]
[SourceVersionDate "2022.11.30"]
[SourceQuality "1"]

1. d4 Nf6 2. c4 e6 3. Nc3 Bb4 4. e3 b6 5. Bd3 Bb7 6. Nf3 0-0 7. 0-0 Bxc3 8. bxc3 d6 9. Nd2 Nbd7 10. e4 e5 11. f4 Qe7 12. Qf3 Rfe8 13. Re1 exd4 14. cxd4 d5 15. cxd5 Nxd5 16. Bb2 Qb4 17. Nb3 f5 18. e5 g6 19. Rac1 Nf8 20. g4 Ne6 21. gxf5 Ndxf4 22. Qxb7 Nxd3 23. fxe6 Nxb2 24. Rf1 Rf8 25. Rxc7 Rxf1+ 26. Kxf1 Rf8+ 27. Kg2 1-0

[Event "GER-ch Rapid 48th"]
[Site "Goettingen"]
[Date "2022.09.24"]
[Round "1"]
[White "Poetsch, Hagen"]
[Black "Karsay, Pascal"]
[Result "1-0"]
[WhiteElo "2491"]
[BlackElo "2269"]
[PlyCount "95"]
[EventDate "2022.09.24"]
[EventType "swiss (rapid)"]
[EventRounds "9"]
[EventCountry "GER"]
[SourceTitle "CBM 210 Extra"]
[Source "ChessBase"]
[SourceDate "2022.11.30"]
[SourceVersion "1"]
[SourceVersionDate "2022.11.30"]
[SourceQuality "1"]

1. e4 e5 2. Nf3 Nc6 3. Bc4 Bc5 4. c3 Nf6 5. d4 exd4 6. e5 d5 7. Bb5 Ne4 8. cxd4 Bb6 9. Nc3 Bg4 10. Be3 0-0 11. h3 Bh5 12. Qc2 Ba5 13. 0-0 Bxf3 14. gxf3 Nxd4 15. Bxd4 Bxc3 16. bxc3 Qg5+ 17. Kh1 Qh5 18. Rfc1 Qxh3+ 19. Kg1 Ng5 20. Be2 Qh4 21. Be3 Nh3+ 22. Kg2 Nf4+ 23. Bxf4 Qxf4 24. Rh1 Qg5+ 25. Kf1 h6 26. Rb1 Rfe8 27. Rxb7 Rxe5 28. Rb4 Qf6 29. f4 Re6 30. Bg4 Rc6 31. Rh3 a5 32. Rb3 Qxf4 33. Qf5 Qc1+ 34. Kg2 Rg6 35. Rg3 Rg5 36. Qb1 Qf4 37. Bf3 c6 38. Qe1 Re5 39. Qd1 Rae8 40. Qd4 Qf6 41. Rb6 h5 42. Bxh5 Qh6 43. Bf3 Re1 44. Rh3 Rg1+ 45. Kh2 Qc1 46. Qh4 Kf8 47. Qh8+ Ke7 48. Rb7+ 1-0

[Event "GER-ch Rapid 48th"]
[Site "Goettingen"]
[Date "2022.09.24"]
[Round "5"]
[White "Poetsch, Hagen"]
[Black "Svane, Rasmus"]
[Result "1/2-1/2"]
[WhiteElo "2491"]
[BlackElo "2615"]
[PlyCount "96"]
[EventDate "2022.09.24"]
[EventType "swiss (rapid)"]
[EventRounds "9"]
[EventCountry "GER"]
[SourceTitle "CBM 210 Extra"]
[Source "ChessBase"]
[SourceDate "2022.11.30"]
[SourceVersion "1"]
[SourceVersionDate "2022.11.30"]
[SourceQuality "1"]

1. e4 e5 2. Nf3 Nc6 3. d4 exd4 4. Nxd4 Nf6 5. Nxc6 bxc6 6. Bd3 d5 7. exd5 cxd5 8. 0-0 Be7 9. c4 0-0 10. cxd5 Nxd5 11. Qf3 Be6 12. Rd1 c6 13. Nd2 Qd7 14. h3 Nb4 15. Bb1 Rad8 16. a3 Na6 17. Bc2 Qc8 18. b3 Bd5 19. Qh5 g6 20. Qe5 Qe6 21. Qxe6 Bxe6 22. Bb2 Nc5 23. b4 Nd3 24. Bxd3 Rxd3 25. Ne4 Rxd1+ 26. Rxd1 f5 27. Nc5 Bxc5 28. bxc5 Bd5 29. Be5 Re8 30. f4 g5 31. g3 Kf7 32. Rb1 gxf4 33. gxf4 Rg8+ 34. Kf1 Rg3 35. Rb7+ Ke6 36. Rxa7 Rxh3 37. a4 h5 38. a5 Ra3 39. Rh7 Bf3 40. Kf2 Bg4 41. Bc7 Kd5 42. Bb6 Ke4 43. Bc7 Ra2+ 44. Kg3 Kd5 45. Bb6 Ra3+ 46. Kh4 Ke4 47. Kg5 Kf3 48. Rh6 Kg3 1/2-1/2

[Event "GER-ch 93rd"]
[Site "Magdeburg"]
[Date "2022.08.18"]
[Round "6"]
[White "Poetsch, Hagen"]
[Black "Dahl, Christoph"]
[Result "1-0"]
[WhiteElo "2500"]
[BlackElo "2348"]
[PlyCount "85"]
[EventDate "2022.08.14"]
[EventType "swiss"]
[EventRounds "9"]
[EventCountry "GER"]
[SourceTitle "CBM 209 Extra"]
[Source "ChessBase"]
[SourceDate "2022.09.30"]
[SourceVersion "1"]
[SourceVersionDate "2022.09.30"]
[SourceQuality "1"]

1. e4 c5 2. Nf3 d6 3. d4 cxd4 4. Nxd4 Nf6 5. Nc3 a6 6. Be3 e6 7. Be2 Qc7 8. Qd2 b5 9. f3 b4 10. Na4 d5 11. e5 Nfd7 12. f4 Nc6 13. 0-0 Bb7 14. Nb3 Be7 15. c4 bxc3 16. Qxc3 0-0 17. Rac1 Rfc8 18. Qe1 Qd8 19. Qf2 Na5 20. Rxc8 Rxc8 21. Nb6 Nxb3 22. Nxc8 Qxc8 23. axb3 Bc6 24. Ra1 Nb8 25. Bd3 Qb7 26. Qc2 g6 27. Bc5 Bxc5+ 28. Qxc5 Qxb3 29. Bc2 Qb7 30. Qd4 Bb5 31. Ra3 Bc4 32. Ba4 Nc6 33. Bxc6 Qxc6 34. h3 Qb5 35. Kh2 h5 36. g4 hxg4 37. hxg4 Qb4 38. Re3 Qa4 39. Rc3 a5 40. f5 Qa1 41. b3 Qa2+ 42. Kg3 Bf1 43. Qf2 1-0

[Event "GER-ch 93rd"]
[Site "Magdeburg"]
[Date "2022.08.17"]
[Round "5"]
[White "Krassowizkij, Jaroslaw"]
[Black "Poetsch, Hagen"]
[Result "1/2-1/2"]
[WhiteElo "2429"]
[BlackElo "2500"]
[PlyCount "80"]
[EventDate "2022.08.14"]
[EventType "swiss"]
[EventRounds "9"]
[EventCountry "GER"]
[SourceTitle "CBM 209 Extra"]
[Source "ChessBase"]
[SourceDate "2022.09.30"]
[SourceVersion "1"]
[SourceVersionDate "2022.09.30"]
[SourceQuality "1"]

1. d4 Nf6 2. c4 e6 3. Nf3 d5 4. g3 dxc4 5. Qa4+ Nbd7 6. Bg2 a6 7. Qxc4 b5 8. Qc6 Ra7 9. Be3 Bb4+ 10. Bd2 Bd6 11. 0-0 0-0 12. Rd1 Bb7 13. Qc1 Qa8 14. Bf4 Rc8 15. a3 Be7 16. b4 a5 17. Nc3 c6 18. Qb2 Nd5 19. Nxd5 cxd5 20. Bd2 Nb6 21. bxa5 Nc4 22. Qxb5 Bc6 23. Qb3 Nxa5 24. Bxa5 Rxa5 25. Rdc1 Rxa3 26. Rxa3 Qxa3 27. Qxa3 Bxa3 28. Rc2 f6 29. Bh3 Bd7 30. Rxc8+ Bxc8 31. Ne1 Kf7 32. f4 Ba6 33. e3 Bb2 34. Kf2 e5 35. fxe5 fxe5 36. dxe5 Bxe5 37. Bf1 Bxf1 38. Kxf1 Ke6 39. Kf2 Kf5 40. Kf3 h5 1/2-1/2

[Event "Hessen-ch"]
[Site "Frankfurt"]
[Date "2021.12.08"]
[Round "2"]
[White "Poetsch, Hagen"]
[Black "Haack, Kevin"]
[Result "1-0"]
[WhiteElo "2513"]
[BlackElo "2100"]
[PlyCount "115"]
[EventDate "2021.12.08"]
[EventType "tourn"]
[EventCountry "GER"]
[SourceTitle "EXT 2023"]
[Source "ChessBase"]
[SourceDate "2022.10.05"]
[SourceVersion "1"]
[SourceVersionDate "2022.10.05"]
[SourceQuality "1"]

1. e4 c6 2. Nc3 d5 3. Nf3 Bg4 4. h3 Bxf3 5. Qxf3 e6 6. g3 Nf6 7. Bg2 dxe4 8. Qe2 Nbd7 9. Nxe4 Nxe4 10. Qxe4 Bd6 11. 0-0 0-0 12. d4 e5 13. dxe5 Nxe5 14. Rd1 Re8 15. Be3 Qe7 16. Re1 Bc5 17. Rad1 Bxe3 18. Qxe3 Qb4 19. c3 Qb6 20. Qxb6 axb6 21. f4 Nc4 22. Rxe8+ Rxe8 23. Rd7 Rb8 24. b3 Na3 25. c4 Kf8 26. Be4 b5 27. c5 Re8 28. Bxh7 Re1+ 29. Kf2 Ra1 30. Rd8+ Ke7 31. Rd2 g6 32. f5 g5 33. Kf3 Kf6 34. Rd7 Rxa2 35. Bg8 Kxf5 36. Rxf7+ Kg6 37. Rxb7 Nc2 38. Rd7 Kf6 39. Rf7+ Kg6 40. Rd7 Nb4 41. Rd4 Na6 42. Rd6+ Kg7 43. Be6 Nxc5 44. Rxc6 Nd3 45. Ke4 Nf2+ 46. Kd4 Rb2 47. Rb6 Nxh3 48. Rxb5 Nf2 49. Ke5 Kg6 50. Bf5+ Kh5 51. Kf6 Re2 52. Bg6+ Kh6 53. Rxg5 Ne4+ 54. Bxe4 Rxe4 55. Re5 Rb4 56. Re3 Rb6+ 57. Ke5 Kg6 58. Kd5 1-0

[Event "Hessen-ch"]
[Site "Frankfurt"]
[Date "2021.12.08"]
[Round "1"]
[White "Poetsch, Hagen"]
[Black "Telljohann, Sven"]
[Result "1/2-1/2"]
[WhiteElo "2513"]
[BlackElo "2388"]
[PlyCount "58"]
[EventDate "2021.12.08"]
[EventType "tourn"]
[EventCountry "GER"]
[SourceTitle "EXT 2023"]
[Source "ChessBase"]
[SourceDate "2022.10.05"]
[SourceVersion "1"]
[SourceVersionDate "2022.10.05"]
[SourceQuality "1"]

1. e4 g6 2. d4 Bg7 3. Nc3 d6 4. f4 a6 5. Nf3 Nd7 6. Bc4 e6 7. f5 Nb6 8. Bd3 exf5 9. exf5 Ne7 10. fxg6 hxg6 11. Bg5 f6 12. Be3 Bf5 13. 0-0 Qd7 14. Bf2 d5 15. Re1 Bxd3 16. Qxd3 0-0-0 17. a4 Rde8 18. b3 Kb8 19. a5 Nbc8 20. Na4 Qf5 21. Qc3 Nd6 22. Bg3 Nb5 23. Qc5 Nc6 24. c4 dxc4 25. bxc4 Nbxd4 26. Nxd4 Qxc5 27. Nxc5 Nxd4 28. Rab1 Rxe1+ 29. Bxe1 Rh5 1/2-1/2

[Event "Heusenstamm Sparkassen op-A 7th"]
[Site "Heusenstamm"]
[Date "2021.11.20"]
[Round "5.6"]
[White "Sieber, Fiona"]
[Black "Poetsch, Hagen"]
[Result "1/2-1/2"]
[WhiteElo "2207"]
[BlackElo "2513"]
[PlyCount "112"]
[EventDate "2021.11.18"]
[EventType "swiss"]
[EventRounds "7"]
[EventCountry "GER"]
[SourceTitle "EXT 2023"]
[Source "ChessBase"]
[SourceDate "2022.10.05"]
[SourceVersion "1"]
[SourceVersionDate "2022.10.05"]
[SourceQuality "1"]

1. e4 c5 2. Nf3 d6 3. d4 cxd4 4. Nxd4 e6 5. c4 Nf6 6. Nc3 b6 7. Bd3 Bb7 8. 0-0 Be7 9. f4 0-0 10. Qf3 Nc6 11. Nc2 Nd7 12. Be3 Nc5 13. Rad1 Nxd3 14. Rxd3 Qc8 15. Bf2 Nb8 16. b3 Nd7 17. Qe2 a6 18. Rh3 b5 19. Bd4 e5 20. fxe5 dxe5 21. Qh5 h6 22. Bxe5 Qc5+ 23. Bd4 Qxh5 24. Rxh5 bxc4 25. bxc4 Rac8 26. Ne3 Rfe8 27. Nf5 Bf8 28. Rh3 f6 29. Rg3 Rxc4 30. Nxh6+ Kh7 31. Nf5 g6 32. Rf4 g5 33. Rfg4 Rxd4 34. Nxd4 Bc5 35. Nce2 Ne5 36. Rb3 Ba8 37. Rgg3 Rd8 38. Rgc3 Bxd4+ 39. Nxd4 Rxd4 40. Rb6 Ng4 41. Kf1 Nxh2+ 42. Kf2 Kg6 43. Kg3 Nf1+ 44. Kf2 Nh2 45. Kg3 Bxe4 46. Kxh2 Rd2 47. Rg3 Rxa2 48. Rbb3 Rd2 49. Rb4 Kf5 50. Ra4 Rd6 51. Rga3 Bd3 52. g4+ Ke5 53. Kg3 Bb5 54. Rb4 Rd1 55. Re3+ Kd5 56. Rf3 Ke6 1/2-1/2